Kapitoly z didaktiky

Bibliographic Details
Main Author: Václavík, Vladimír, 1906-1987 (Author)
Format: Book
Language:Slovak
PhysicalDescription:141, [3] s. tab. 4°
Published: Bratislava Slovenská vysoká škola technická 1971
Edition:2. preprac. vyd.
Subjects:

MARC

LEADER 00000cam a2200000 a 4500
001 vtls008349226
003 SK-MaSNL
005 20260302090430.0
008 230403s1971 xo a e n 000 0 slo
015 |a SNBA1971/04-01046 
035 |a SK01SNK19710041443 
035 |a urn:nbn:sk:snk-aml97u 
035 |a urn:nbn:sk:snk-am008rt8 
035 |a 22A89349-7300-43EF-9486-8D273B4EBCF3 
035 |a SKM000043906 
040 |a SNK  |b slo  |c SNK  |e AACR2 
041 0 |a slo 
044 |a xo  |c SK 
080 |a 37.02(075.8)  |2 1981 
100 1 |a Václavík, Vladimír,  |d 1906-1987  |4 aut  |9 37332 
245 1 0 |a Kapitoly z didaktiky  |c Vladimír Vaclavík 
250 |a 2. preprac. vyd. 
260 |a Bratislava  |b Slovenská vysoká škola technická  |c 1971 
300 |a 141, [3] s.  |b tab.  |c 4° 
366 |e 300 výt. 
504 |a Bibliogr. odkazy ; pozn. 
650 0 7 |a didaktika  |2 SNKPH  |9 3484 
655 7 |a učebnice vysokých škôl  |2 SNKPH  |9 70191 
852 |a Slovenská národná knižnica 
954 |a odborná, vedecká literatúra pôvodná (slovenská)  |2 lita 
958 |a OND 
958 |a NB 
958 |a EUIPO 
999 |c 1196621  |d 1198551 
952 |a SNK  |b SNK  |y PREZ  |7 0  |p 17A0807490  |o snkSB 17000  |i snkKSP 3257/71  |0 0  |1 0  |4 0  |d 2015-01-14  |f 1  |l 0  |r 2025-03-18 00:00:00  |w 2026-02-24 
952 |a SNK  |b SNK  |y VYP  |7 0  |o snkSB 17000 D1  |i snkKSP 3258/71  |0 0  |1 0  |4 0  |d 2015-01-14  |l 0  |r 2026-02-24 22:29:08  |w 2026-02-24 
952 |a SNK  |b SNK  |y VYP  |7 0  |o snkSB 17000 D2  |i snkD 2307/76  |8 1  |0 0  |1 0  |4 0  |d 2015-01-14  |l 0  |r 2026-02-24 22:29:08  |w 2026-02-24